000 00516nam a2200181Ia 4500
005 20250326140804.0
008 250326s9999 xx 000 0 und d
037 _aTextbook
040 _aFMSL
_beng
_cFMSL
041 _aeng
_2eng
084 _aX8(A):8y7 P0
_qFMSL
100 _aFenster J M
_9743055
245 0 _aIn the words of great business leaders
_cFenster J M
260 _aNew York
_bNew York, John Wiley
_c2000
300 _a392p
942 _cTB
_hX8(A):8y7 P0
999 _c1287293
_d1287293